[Event "Bloemfontein-ch op"]
[Site "Bloemfontein"]
[Date "2018.07.11"]
[Round "7"]
[White "Moodley, Karmishta"]
[Black "Marais, Franco"]
[Result "0-1"]
[WhiteElo "1478"]
[BlackElo "1857"]
[PlyCount "86"]
[EventDate "2018.07.07"]
[EventType "swiss"]
[EventRounds "11"]
[EventCountry "RSA"]
[SourceTitle "EXT 2019"]
[Source "ChessBase"]
[SourceDate "2018.10.10"]
[SourceVersion "1"]
[SourceVersionDate "2018.10.10"]
[SourceQuality "1"]

1. e4 e5 2. Nf3 Nf6 3. Nc3 Nc6 4. d4 exd4 5. Nxd4 Bb4 6. Nxc6 bxc6 7. Bd3 0-0 8. 0-0 d5 9. exd5 cxd5 10. Qf3 c6 11. Bg5 Be7 12. Rfe1 Re8 13. h3 Be6 14. a3 Nd7 15. Bxe7 Qxe7 16. Ne2 Ne5 17. Bxh7+ Kf8 18. Qg3 Qf6 19. Nf4 Nc4 20. b3 Nb6 21. Bd3 c5 22. Bb5 Re7 23. Rad1 a6 24. Bd3 c4 25. bxc4 dxc4 26. Nxe6+ Rxe6 27. Be4 Rae8 28. f3 Na4 29. Re3 Qh6 30. Rde1 f5 31. Bc6 Rxe3 32. Bxe8 f4 33. Qf2 Kxe8 34. Rxe3+ fxe3 35. Qe1 Qb6 36. Kf1 Qd4 37. g4 Nc3 38. h4 e2+ 39. Kg2 Qe3 40. h5 Nd5 41. a4 c3 42. a5 Nf4+ 43. Kg3 Qd2 0-1

[Event "South African op"]
[Site "Durban"]
[Date "2017.07.15"]
[Round "2"]
[White "Moodley, Karmishta"]
[Black "Mgaga, Bongani"]
[Result "0-1"]
[WhiteElo "1486"]
[BlackElo "1673"]
[PlyCount "76"]
[EventDate "2017.07.14"]
[EventType "swiss"]
[EventRounds "11"]
[EventCountry "RSA"]
[SourceTitle "EXT 2018"]
[Source "ChessBase"]
[SourceDate "2017.10.13"]
[SourceVersion "1"]
[SourceVersionDate "2017.10.13"]
[SourceQuality "1"]

1. e4 e6 2. d4 d5 3. e5 c5 4. c3 Nc6 5. Nf3 Qb6 6. a3 cxd4 7. cxd4 f6 8. exf6 Nxf6 9. b4 a6 10. Be3 a5 11. b5 Na7 12. a4 Bb4+ 13. Bd2 Bd6 14. Be2 Bd7 15. 0-0 0-0 16. h3 Nc8 17. Be3 Qd8 18. Nbd2 Ne7 19. Nb3 b6 20. Ne5 Be8 21. Rc1 Rc8 22. Rc2 Ba3 23. Bc1 Bd6 24. Bb2 Ng6 25. Qc1 Rxc2 26. Qxc2 Nf4 27. Bf3 Nd7 28. Rd1 Nxh3+ 29. Kf1 Nf4 30. Nc1 Nxe5 31. dxe5 Bc5 32. Bd4 Bg6 33. Qb2 Qh4 34. Kg1 Nh3+ 35. Kf1 Rxf3 36. gxf3 Nf4 37. Kg1 Qh3 38. Bxc5 Qg2# 0-1

[Event "Durban Ethekwini op"]
[Site "Durban"]
[Date "2017.03.20"]
[Round "5"]
[White "Moodley, Karmishta"]
[Black "Millard, Chad"]
[Result "1-0"]
[WhiteElo "1432"]
[BlackElo "1203"]
[PlyCount "83"]
[EventDate "2017.03.18"]
[EventType "swiss"]
[EventRounds "7"]
[EventCountry "RSA"]
[SourceTitle "CBM 177 Extra"]
[Source "ChessBase"]
[SourceDate "2017.04.27"]
[SourceVersion "1"]
[SourceVersionDate "2017.04.27"]
[SourceQuality "1"]

1. e4 e6 2. d4 d5 3. e5 c5 4. c3 Nc6 5. Nf3 Nge7 6. a3 Nf5 7. b4 cxd4 8. cxd4 Qb6 9. Be3 Nxe3 10. fxe3 a5 11. b5 Na7 12. a4 Bb4+ 13. Nbd2 Bd7 14. Bd3 Nxb5 15. axb5 Bxb5 16. Qe2 Bxd3 17. Qxd3 Qa6 18. Qxa6 Rxa6 19. 0-0 0-0 20. Nb3 b6 21. Rfc1 Ra7 22. Ne1 Rfa8 23. Nd3 Be7 24. Rc6 b5 25. Nbc5 h6 26. Rb6 b4 27. Rb5 Kh7 28. Kf2 g5 29. h3 h5 30. g3 Kg7 31. Ke2 Kf8 32. Kd2 Ke8 33. Kc2 Kd8 34. Kb3 g4 35. h4 Bf8 36. Rbxa5 Rxa5 37. Rxa5 Rxa5 38. Nb7+ Kc7 39. Nxa5 Kb6 40. Ka4 Bh6 41. Nf4 f5 42. Nb3 1-0

[Event "Durban Ethekwini op"]
[Site "Durban"]
[Date "2017.03.19"]
[Round "3"]
[White "Moodley, Karmishta"]
[Black "Chetty, Cailin"]
[Result "1/2-1/2"]
[WhiteElo "1432"]
[BlackElo "1754"]
[PlyCount "58"]
[EventDate "2017.03.18"]
[EventType "swiss"]
[EventRounds "7"]
[EventCountry "RSA"]
[SourceTitle "CBM 177 Extra"]
[Source "ChessBase"]
[SourceDate "2017.04.27"]
[SourceVersion "1"]
[SourceVersionDate "2017.04.27"]
[SourceQuality "1"]

1. e4 c5 2. Nc3 Nc6 3. Bb5 Nd4 4. Nf3 a6 5. Bf1 g6 6. g3 Bg7 7. Bg2 e6 8. d3 Ne7 9. Be3 d5 10. Bd2 b5 11. Nxd4 cxd4 12. Ne2 Bb7 13. f3 Rc8 14. 0-0 Qb6 15. Nf4 e5 16. Nh3 0-0 17. Nf2 f5 18. Re1 Rfe8 19. Rc1 dxe4 20. fxe4 Rcd8 21. Bg5 Rd7 22. Bh3 Rf8 23. Qd2 Rf7 24. a3 Rc7 25. Bg2 Nc8 26. Bd8 Nd6 27. Bxc7 Qxc7 28. c3 dxc3 29. Qxc3 Qe7 1/2-1/2

[Event "RSA-ch U14 Girls"]
[Site "Bloemfontein"]
[Date "2016.03.22"]
[Round "5"]
[White "Hartley, Charne"]
[Black "Moodley, Karmishta"]
[Result "1/2-1/2"]
[WhiteElo "1218"]
[BlackElo "1496"]
[PlyCount "46"]
[EventDate "2016.03.20"]
[EventType "swiss"]
[EventRounds "11"]
[EventCountry "RSA"]
[SourceTitle "CBM 171 Extra"]
[Source "ChessBase"]
[SourceDate "2016.04.26"]
[SourceVersion "1"]
[SourceVersionDate "2016.04.26"]
[SourceQuality "1"]

1. e4 e5 2. Nf3 Nc6 3. d4 exd4 4. Nxd4 Bc5 5. Nb3 Bb6 6. Nc3 Nge7 7. Qe2 0-0 8. Be3 d6 9. 0-0-0 f5 10. f3 fxe4 11. Nxe4 Bxe3+ 12. Qxe3 Nf5 13. Qe2 Qe7 14. g3 Bd7 15. f4 Rae8 16. Nc3 Qxe2 17. Bxe2 Ne3 18. Rde1 a6 19. Bf3 b6 20. Nd5 Nxd5 21. Bxd5+ Kh8 22. Kd2 Nb4 23. c3 a5 1/2-1/2

[Event "RSA-ch U14 Girls"]
[Site "Bloemfontein"]
[Date "2016.03.20"]
[Round "1"]
[White "Moodley, Karmishta"]
[Black "Moodley, Santham"]
[Result "0-1"]
[WhiteElo "1496"]
[BlackElo "1192"]
[PlyCount "74"]
[EventDate "2016.03.20"]
[EventType "swiss"]
[EventRounds "11"]
[EventCountry "RSA"]
[SourceTitle "CBM 171 Extra"]
[Source "ChessBase"]
[SourceDate "2016.04.26"]
[SourceVersion "1"]
[SourceVersionDate "2016.04.26"]
[SourceQuality "1"]

1. e4 g6 2. d4 Bg7 3. Nf3 e6 4. Nc3 Ne7 5. Bd3 d6 6. h3 Nd7 7. Be3 b6 8. 0-0 Bb7 9. Qd2 0-0 10. Rfe1 Rc8 11. Bh6 c5 12. Bxg7 Kxg7 13. Nb5 d5 14. Nxa7 Ra8 15. Nb5 cxd4 16. Nd6 Qc7 17. Nxb7 Qxb7 18. Bb5 dxe4 19. Qxd4+ Nf6 20. Nd2 Rad8 21. Qe3 Ned5 22. Qb3 Nf4 23. Nc4 Rd4 24. Qe3 Qd5 25. Na3 e5 26. c3 Rd2 27. Bc4 Qd6 28. Nb5 Qd7 29. Rab1 Rd8 30. Qxb6 Nd3 31. Bxd3 Qxd3 32. Re3 Qxb1+ 33. Kh2 Rd1 34. Kg3 R8d3 35. Na3 Rxe3+ 36. Qxe3 Qd3 37. Qxd3 exd3 0-1

[Event "RSA-chT U14"]
[Site "Cape Town"]
[Date "2016.01.06"]
[Round "6.6"]
[White "Saayman, Anais"]
[Black "Moodley, Karmishta"]
[Result "0-1"]
[WhiteElo "1054"]
[BlackElo "1477"]
[PlyCount "44"]
[EventDate "2016.01.04"]
[EventType "team-tourn"]
[EventRounds "7"]
[EventCountry "RSA"]
[SourceTitle "CBM 170 Extra"]
[Source "ChessBase"]
[SourceDate "2016.02.25"]
[SourceVersion "1"]
[SourceVersionDate "2016.02.25"]
[SourceQuality "1"]
[WhiteTeam "Kenneth Kaunda"]
[BlackTeam "Ethekwini"]
[WhiteTeamCountry "RSA"]
[BlackTeamCountry "RSA"]

1. e4 e5 2. Nf3 Nc6 3. Bc4 Bc5 4. Nc3 Nf6 5. a3 d6 6. h3 0-0 7. d3 h6 8. Nd2 Be6 9. Bd5 Bxd5 10. exd5 Ne7 11. Qf3 Qd7 12. g3 Qf5 13. Qxf5 Nxf5 14. Nde4 Nxe4 15. dxe4 Nd4 16. Kd1 f5 17. b4 Bb6 18. a4 a6 19. f4 exf4 20. gxf4 fxe4 21. Nxe4 Rae8 22. Nc3 Nf5 0-1

[Event "RSA-ch U12 Girls"]
[Site "Waterkloof"]
[Date "2015.04.08"]
[Round "7"]
[White "Schmidt, Nadia Esmeralda"]
[Black "Moodley, Karmishta"]
[Result "0-1"]
[WhiteElo "1374"]
[BlackElo "1278"]
[PlyCount "116"]
[EventDate "2015.04.04"]
[EventType "swiss"]
[EventRounds "9"]
[EventCountry "RSA"]
[SourceTitle "CBM 166 Extra"]
[Source "ChessBase"]
[SourceDate "2015.06.18"]
[SourceVersion "1"]
[SourceVersionDate "2015.06.18"]
[SourceQuality "1"]

1. Nf3 d5 2. g3 Bg4 3. Bg2 Nd7 4. d4 e6 5. Nbd2 Ngf6 6. 0-0 c6 7. h3 Bh5 8. c3 Be7 9. Re1 Bg6 10. Qb3 Qb8 11. Nf1 b6 12. Bf4 Qc8 13. Ne5 Nxe5 14. Bxe5 0-0 15. Bxf6 Bxf6 16. Nd2 Qd7 17. e3 e5 18. dxe5 Bxe5 19. Nf3 Bd6 20. Nd4 Rfe8 21. Qa4 b5 22. Qd1 Re7 23. Qd2 Rae8 24. h4 a5 25. a3 Bc7 26. Rac1 Bb6 27. Rf1 Be4 28. Rfe1 h6 29. Qd1 Bxg2 30. Kxg2 Re4 31. Qd2 a4 32. Qc2 c5 33. Nf3 d4 34. Red1 Qd5 35. cxd4 cxd4 36. exd4 Bxd4 37. Qd3 g6 38. Nxd4 Re3+ 39. f3 Rxd3 40. Rxd3 Re2+ 41. Nxe2 Qxd3 42. Kf2 Qd2 43. Rb1 Qc2 44. Rc1 Qxb2 45. Rc8+ Kg7 46. Rb8 h5 47. Rb7 Qxa3 48. Rxb5 Qa2 49. Ra5 a3 50. Ra4 Qb2 51. Ra6 a2 52. Ra4 a1Q 53. Rxa1 Qxa1 54. f4 Qb2 55. f5 gxf5 56. Kf3 Qb7+ 57. Kf4 Qe4+ 58. Kg5 Qg4# 0-1